[Event "II. XXI. Rakosmente Open"]
[Site "Budapest"]
[Date "2022.08.20"]
[Round "3.6"]
[White "Varaljai, Istvan"]
[Black "Nagy, Daniel"]
[Result "1-0"]
[WhiteElo "1967"]
[BlackElo "1532"]
[PlyCount "103"]
[EventDate "2022.08.19"]

1. e4 c5 2. Nf3 Nc6 3. d4 cxd4 4. c3 dxc3 5. Nxc3 e5 6. Bc4 Bb4 7. O-O Bxc3 8.
bxc3 h6 9. Ba3 Nge7 10. Bd6 Qa5 11. Qb3 O-O 12. Bd5 Nxd5 13. exd5 Re8 14. dxc6
dxc6 15. Qb4 Qxb4 16. cxb4 f6 17. h3 Be6 18. Bc5 b6 19. Be3 Red8 20. Rfd1 Rxd1+
21. Rxd1 Bxa2 22. Ra1 Bd5 23. Bxb6 a6 24. Nh4 Be6 25. Rf1 Kf7 26. g4 h5 27. Nf5
hxg4 28. hxg4 Bd5 29. Ne3 Ke6 30. Kh2 Rc8 31. Bc5 g6 32. Kg3 f5 33. f4 exf4+
34. Kxf4 fxg4 35. Kxg4 Rh8 36. Nxd5 cxd5 37. Kg5 Rh2 38. Kxg6 Rg2+ 39. Kh5 Ra2
40. Kg4 Ra4 41. Kf3 Ra3+ 42. Kf4 Ra4 43. Ke3 Ra3+ 44. Kd4 a5 45. Re1+ Kd7 46.
b5 Rb3 47. b6 a4 48. Re7+ Kc8 49. Ra7 Rh3 50. Kxd5 Rh5+ 51. Kc6 Rh6+ 52. Bd6
1-0

[Event "II. XXI. Rakosmente Open"]
[Site "Budapest"]
[Date "2022.08.20"]
[Round "3.7"]
[White "Horvath, Csaba"]
[Black "Molnar, Daniel Zsolt"]
[Result "1-0"]
[WhiteElo "1784"]
[BlackElo "1624"]
[PlyCount "53"]
[EventDate "2022.08.19"]

1. e4 c5 2. Nf3 Nc6 3. d4 cxd4 4. Nxd4 g6 5. c4 Nf6 6. Nc3 Nxd4 7. Qxd4 d6 8.
Be2 Bg7 9. Be3 O-O 10. Qd2 Be6 11. O-O Qc7 12. Rac1 Rfc8 13. f4 Qc6 14. b3 Nxe4
15. Nxe4 Qxe4 16. Bf3 Qf5 17. Bxb7 h5 18. Bd4 Bh6 19. Rce1 h4 20. Ba1 Qh5 21.
Qd4 Kh7 22. Bxc8 Rxc8 23. Qxa7 g5 24. Rxe6 fxe6 25. Qxe7+ Kg8 26. Qxe6+ Kh7 27.
Qd7+ 1-0

[Event "II. XXI. Rakosmente Open"]
[Site "Budapest"]
[Date "2022.08.20"]
[Round "3.8"]
[White "Bagi, Lajos"]
[Black "Berla, Zoltan Mate"]
[Result "0-1"]
[WhiteElo "1756"]
[BlackElo "1389"]
[PlyCount "144"]
[EventDate "2022.08.19"]

1. d4 Nf6 2. Nf3 g6 3. g3 Bg7 4. Bg2 O-O 5. O-O d6 6. Nbd2 Nbd7 7. e4 a5 8. Re1
e5 9. c3 Ne8 10. Nf1 h6 11. Nh4 c5 12. dxc5 Nxc5 13. Be3 Be6 14. Qd2 Kh7 15.
Red1 Qc7 16. b3 Rd8 17. c4 a4 18. Qb4 Nf6 19. f3 Nfd7 20. Rab1 axb3 21. axb3 b5
22. cxb5 Rb8 23. f4 exf4 24. gxf4 Bf6 25. Bf2 Qb6 26. Nf3 Qxb5 27. Qxb5 Rxb5
28. Nd4 Bxd4 29. Rxd4 f5 30. Nd2 fxe4 31. Nxe4 Nxe4 32. Bxe4 d5 33. Bd3 Rbb8
34. Ra4 Bf5 35. Bxf5 Rxf5 36. Ra7 Rf7 37. Rd1 Kg8 38. Rxd5 Nf6 39. Rd3 Rxa7 40.
Bxa7 Rb4 41. Be3 Nh5 42. Bd2 Rb5 43. b4 Kf7 44. Kf2 Ke6 45. Kf3 Kf5 46. Rc3
Nxf4 47. Bxf4 Rxb4 48. Rc5+ Ke6 49. Bxh6 Rb3+ 50. Be3 Rb2 51. Bf2 Rb3+ 52. Kg2
Rb2 53. h4 Ra2 54. Kf3 Ra3+ 55. Kg4 Ra6 56. Be3 Kd7 57. Bf4 Ke6 58. Kg5 Kf7 59.
Rc7+ Kg8 60. Kh6 Kf8 61. Rg7 g5+ 62. Kh7 gxf4 63. Rg2 Rf6 64. Rf2 f3 65. h5 Kf7
66. Ra2 f2 67. Ra7+ Ke6 68. Ra6+ Kf5 69. Ra1 Kg5 70. Rf1 Kxh5 71. Kg7 Rf4 72.
Rh1+ Kg4 0-1

[Event "II. XXI. Rakosmente Open"]
[Site "Budapest"]
[Date "2022.08.20"]
[Round "3.10"]
[White "Gondor, Jakab"]
[Black "Patai, Tamas"]
[Result "1/2-1/2"]
[WhiteElo "1456"]
[BlackElo "1683"]
[PlyCount "91"]
[EventDate "2022.08.19"]

1. d4 f5 2. Nc3 Nf6 3. Bg5 g6 4. Bxf6 exf6 5. e3 d5 6. g3 Bg7 7. Bg2 c6 8. Nge2
Be6 9. O-O O-O 10. Nf4 Bf7 11. Nce2 Nd7 12. c3 Nb6 13. Qc2 Nc4 14. b3 Nd6 15.
Nd3 Ne4 16. f3 Nd6 17. Nef4 Re8 18. Rfe1 g5 19. Nh3 Qc7 20. Nhf2 Re7 21. e4
fxe4 22. fxe4 dxe4 23. Nxe4 Rae8 24. Nxd6 Qxd6 25. Qf2 Bg6 26. Nb2 Re6 27. Rxe6
Qxe6 28. Bf1 Qe3 29. Qxe3 Rxe3 30. Rc1 f5 31. Kf2 f4 32. Nc4 Re7 33. gxf4 gxf4
34. Kf3 Bh5+ 35. Kf2 Bf6 36. Ne5 Bxe5 37. dxe5 Rxe5 38. Bc4+ Kf8 39. Rg1 Bg6
40. Kf3 Re3+ 41. Kxf4 Rh3 42. Rf1 Kg7 43. Rf2 Rxc3 44. Rd2 b5 45. Be6 Kf6 46.
Bd7 1/2-1/2

[Event "II. XXI. Rakosmente Open"]
[Site "Budapest"]
[Date "2022.08.20"]
[Round "3.11"]
[White "Papp, Lorinc"]
[Black "Bolyai, Istvan"]
[Result "0-1"]
[WhiteElo "1539"]
[BlackElo "1799"]
[PlyCount "52"]
[EventDate "2022.08.19"]

1. e4 e5 2. Nc3 Nf6 3. f4 d6 4. Bc4 Be7 5. d3 O-O 6. Nf3 Nc6 7. O-O h6 8. a3
Bg4 9. f5 Nd4 10. Be3 Nxf3+ 11. Rxf3 c6 12. h3 Bxf3 13. Qxf3 a5 14. Qg3 Kh7 15.
Qf3 a4 16. g4 Ng8 17. Ne2 Bh4 18. d4 exd4 19. Bxd4 Bf6 20. Rd1 Qe7 21. Nf4 Rae8
22. Bxf6 Nxf6 23. Ng6 fxg6 24. fxg6+ Kh8 25. g5 Nxe4 26. Qh5 Nxg5 0-1

[Event "II. XXI. Rakosmente Open"]
[Site "Budapest"]
[Date "2022.08.20"]
[Round "3.12"]
[White "Salamon, Laszlo"]
[Black "Kustar, Gabor"]
[Result "1/2-1/2"]
[WhiteElo "1400"]
[BlackElo "1441"]
[PlyCount "145"]
[EventDate "2022.08.19"]

1. e4 c6 2. d4 d5 3. Nd2 dxe4 4. Nxe4 Nf6 5. Nxf6+ exf6 6. Nf3 Bd6 7. Be3 O-O
8. Be2 Re8 9. O-O Bg4 10. c4 Qc7 11. h3 Bh5 12. Qd2 Nd7 13. c5 Bf8 14. Bf4 Qd8
15. Rfe1 g5 16. g4 Bg6 17. Bg3 h5 18. Bc4 Rxe1+ 19. Rxe1 a5 20. a4 hxg4 21.
hxg4 b6 22. cxb6 Bb4 23. Qe3 Nxb6 24. Rc1 Qd7 25. d5 Nxd5 26. Qd4 Be7 27. Bd3
Bxd3 28. Qxd3 Qxg4 29. Rxc6 Nb4 30. Rc4 Nxd3 31. Rxg4 Nxb2 32. Rd4 Bb4 33. Bd6
Bxd6 34. Rxd6 Nxa4 35. Rxf6 Kg7 36. Rf5 f6 37. Rb5 Nc3 38. Rb3 Nd5 39. Nd4 a4
40. Ra3 Nb6 41. Kg2 Kg6 42. Kf3 f5 43. Rc3 Rc8 44. Re3 g4+ 45. Ke2 Nc4 46. Re6+
Kg5 47. Ra6 Nb2 48. Ra5 Re8+ 49. Kf1 Kf4 50. Ne2+ Kg5 51. Nd4 Kf4 52. Ne2+ Kg5
53. Nd4 Kg6 54. Ra6+ Kh7 55. Ra7+ Kh8 56. Nxf5 Re4 57. Ng3 Rf4 58. Ke2 Rf3 59.
Ne4 a3 60. Nd2 Rc3 61. Nb1 Rc2+ 62. Kf1 Rc1+ 63. Kg2 Rxb1 64. Rxa3 Nc4 65. Ra4
Ne5 66. Ra5 Re1 67. Kg3 Kg7 68. Kf4 Kf6 69. Ra6+ Ke7 70. Kf5 Kf7 71. Re6 Re2
72. Rxe5 Rxf2+ 73. Kxg4 1/2-1/2

[Event "II. XXI. Rakosmente Open"]
[Site "Budapest"]
[Date "2022.08.21"]
[Round "4.1"]
[White "Szekeres, Janos"]
[Black "Palagyi, Csaba"]
[Result "1-0"]
[WhiteElo "1923"]
[BlackElo "1875"]
[PlyCount "81"]
[EventDate "2022.08.19"]

1. e4 c5 2. d4 cxd4 3. c3 d3 4. c4 Nc6 5. Nc3 d6 6. Bxd3 a6 7. Be3 Nf6 8. h3 e5
9. Nge2 Be7 10. Nd5 Nxd5 11. cxd5 Nb8 12. a4 Bg5 13. Qd2 Bxe3 14. Qxe3 O-O 15.
O-O Nd7 16. b4 a5 17. Rfb1 axb4 18. Rxb4 Nc5 19. f4 exf4 20. Nxf4 Qg5 21. Qc1
Bxh3 22. Bb5 Bg4 23. Nd3 Qg6 24. Qf4 Rfc8 25. Nxc5 Rxc5 26. e5 Bh3 27. Qf3 Rc3
28. Qe4 Qg3 29. e6 f5 30. Qe2 Re3 31. Qf2 Qe5 32. Rb2 Bxg2 33. Kxg2 Rc8 34. Be2
f4 35. Bf3 g5 36. Rg1 Rcc3 37. Re2 Rxe2 38. Qxe2 Re3 39. Qb5 h5 40. Qe8+ Kg7
41. Qf7+ 1-0

[Event "II. XXI. Rakosmente Open"]
[Site "Budapest"]
[Date "2022.08.21"]
[Round "4.2"]
[White "Szabo, A. Martin"]
[Black "Safar, Istvan"]
[Result "1-0"]
[WhiteElo "1865"]
[BlackElo "1657"]
[PlyCount "73"]
[EventDate "2022.08.19"]

1. d4 d5 2. Nf3 g6 3. Bg5 Bg7 4. Nc3 a6 5. e4 c6 6. e5 Be6 7. Bd3 Nd7 8. O-O
Qb6 9. Ne2 Bg4 10. Qd2 Bxf3 11. gxf3 e6 12. a4 h6 13. Be3 Qd8 14. b4 Ne7 15.
Ng3 Rc8 16. c4 dxc4 17. Bxc4 Nb6 18. Bd3 Nbd5 19. f4 Nxe3 20. fxe3 O-O 21. Kh1
Qb6 22. Rg1 Rcd8 23. Ne4 Nf5 24. Nc5 Kh7 25. b5 cxb5 26. axb5 axb5 27. Rab1 Qc7
28. Rxb5 b6 29. Ne4 Rd7 30. Qf2 Rfd8 31. Rb4 Qa7 32. Rc4 b5 33. Rc6 Qa3 34. Nc5
Rd5 35. Bxf5 exf5 36. Qg2 Rxc5 37. Rxg6 1-0

[Event "II. XXI. Rakosmente Open"]
[Site "Budapest"]
[Date "2022.08.21"]
[Round "4.3"]
[White "Vasyliv, Stanislav"]
[Black "Felmery, Mate"]
[Result "1/2-1/2"]
[WhiteElo "2144"]
[BlackElo "2181"]
[PlyCount "94"]
[EventDate "2022.08.19"]

1. Nf3 Nf6 2. d4 b6 3. c4 e6 4. e3 Bb7 5. Bd3 d5 6. O-O Bd6 7. a3 O-O 8. b4
dxc4 9. Bxc4 a5 10. b5 Nbd7 11. Bb2 Ne4 12. Nc3 Nxc3 13. Bxc3 Qe7 14. a4 Rad8
15. Qe2 e5 16. d5 e4 17. Nd4 Qe5 18. g3 Bxd5 19. Nc6 Qxc3 20. Bxd5 Rde8 21. Nd4
Qc5 22. Bc6 Re7 23. Rac1 Qg5 24. Bxd7 Rxd7 25. Qc4 Re7 26. Rcd1 Rfe8 27. Nc6
Re6 28. Rd5 Qg4 29. Nd4 Re5 30. Qc6 Qc8 31. Nf5 Rxd5 32. Qxd5 Qe6 33. Qxe6 Rxe6
34. Rc1 Kf8 35. Kf1 g6 36. Nxd6 cxd6 37. Ke2 Ke8 38. Rc7 h5 39. f3 exf3+ 40.
Kxf3 d5 41. Rb7 Kf8 42. Rd7 Re4 43. Rxd5 Rxa4 44. Rd6 Rb4 45. Rxb6 a4 46. Ra6
Rxb5 47. Rxa4 Kg7 1/2-1/2

[Event "II. XXI. Rakosmente Open"]
[Site "Budapest"]
[Date "2022.08.21"]
[Round "4.4"]
[White "Tolnai, Jozsef"]
[Black "Varaljai, Istvan"]
[Result "0-1"]
[WhiteElo "1739"]
[BlackElo "1967"]
[PlyCount "64"]
[EventDate "2022.08.19"]

1. e4 c5 2. Nf3 Nc6 3. Bb5 e6 4. O-O a6 5. Bxc6 bxc6 6. c3 d5 7. exd5 cxd5 8.
d4 Nf6 9. Bg5 Qb6 10. Qb3 Rb8 11. Qxb6 Rxb6 12. b3 cxd4 13. Bxf6 gxf6 14. cxd4
Bd6 15. Rc1 Bd7 16. Nbd2 Ke7 17. g3 e5 18. dxe5 fxe5 19. Re1 f6 20. Rac1 Ba3
21. Nxe5 fxe5 22. Rxe5+ Kd6 23. Rce1 Bb4 24. R5e2 Bg4 25. f3 Bxd2 26. Rxd2 Bxf3
27. Rf2 Be4 28. Rf6+ Kc5 29. b4+ Rxb4 30. Rxa6 Rf8 31. Rd1 Rb2 32. Rc1+ Kb5 0-1

[Event "II. XXI. Rakosmente Open"]
[Site "Budapest"]
[Date "2022.08.21"]
[Round "4.5"]
[White "Berla, Zoltan Mate"]
[Black "Neszmenyi, Zoltan"]
[Result "1-0"]
[WhiteElo "1389"]
[BlackElo "1862"]
[PlyCount "163"]
[EventDate "2022.08.19"]

1. e4 e5 2. Nf3 Nc6 3. Bc4 Nf6 4. Ng5 d5 5. exd5 Na5 6. Bb5+ c6 7. dxc6 bxc6 8.
Bd3 Be7 9. Nc3 O-O 10. O-O h6 11. Nge4 Nd5 12. Be2 f5 13. Ng3 Rb8 14. b3 Nf4
15. Bb2 c5 16. Na4 Qd5 17. Bf3 e4 18. Be2 Bf6 19. Nc3 Qc6 20. f3 Bd4+ 21. Kh1
e3 22. dxe3 Bxe3 23. Na4 Be6 24. Bc3 Nb7 25. Nb2 h5 26. Nc4 Rbd8 27. Qe1 Bd4
28. Ne5 Qc7 29. Bb5 h4 30. Bxd4 cxd4 31. Ng6 Nxg6 32. Qxe6+ Kh7 33. Nxf5 Nc5
34. Qc4 Rxf5 35. b4 Qb6 36. a4 Nb7 37. Qb3 Re5 38. Rfe1 Qf6 39. Bd3 Nd6 40. c3
dxc3 41. Qxc3 Rxe1+ 42. Qxe1 Re8 43. Qg1 h3 44. Rf1 hxg2+ 45. Qxg2 Nf5 46. Qh3+
Nfh4 47. Rg1 Kg8 48. Be4 Nf4 49. Qd7 Re7 50. Qc8+ Qf8 51. Qc4+ Kh8 52. Rg4 Nhg6
53. Qc5 Qf6 54. Qh5+ Kg8 55. Rxg6 Nxg6 56. Qxg6 Qxg6 57. Bxg6 Re2 58. Be4 Kf7
59. b5 Ke7 60. a5 Rb2 61. Bc6 Kd6 62. a6 Kc5 63. h3 Kd4 64. Kg1 Ke3 65. Kf1 Kf4
66. Ke1 Kg3 67. Kd1 Kxh3 68. Kc1 Ra2 69. Kb1 Ra5 70. Kb2 Kg3 71. Kb3 g5 72. Kb4
Ra1 73. Kc5 g4 74. fxg4 Kxg4 75. Kd6 Kf5 76. Kc7 Ke6 77. Kb7 Kd6 78. Kxa7 Kc7
79. Be4 Re1 80. b6+ Kd6 81. b7 Rxe4 82. b8=Q+ 1-0

[Event "II. XXI. Rakosmente Open"]
[Site "Budapest"]
[Date "2022.08.21"]
[Round "4.6"]
[White "Fecske, Csaba"]
[Black "Horvath, Csaba"]
[Result "1/2-1/2"]
[WhiteElo "1746"]
[BlackElo "1784"]
[PlyCount "148"]
[EventDate "2022.08.19"]

1. d4 Nf6 2. Bf4 c5 3. c3 Qb6 4. Qc2 cxd4 5. cxd4 Nc6 6. e3 d6 7. Nd2 g6 8. a3
Bg7 9. Bd3 Bd7 10. Qb3 Qxb3 11. Nxb3 Nh5 12. Bg3 e5 13. dxe5 Nxg3 14. hxg3 dxe5
15. Nc5 O-O-O 16. Ne2 Bf8 17. Nxd7 Rxd7 18. O-O-O Bg7 19. Bb5 Rxd1+ 20. Rxd1
Rd8 21. Rh1 h5 22. Bxc6 bxc6 23. Rh4 Kd7 24. Ra4 Ra8 25. g4 hxg4 26. Rxg4 Rb8
27. Ra4 Rb7 28. Kc2 f5 29. g4 Ke6 30. b3 Rf7 31. gxf5+ Rxf5 32. f4 Bh6 33. Kd3
Kd6 34. Ke4 exf4 35. exf4 Rf7 36. Rd4+ Ke6 37. Rd3 c5 38. Rd5 Bxf4 39. Rxc5 g5
40. Nd4+ Kd6 41. Rc6+ Kd7 42. Ra6 Kc8 43. Nc6 Bb8 44. Nxb8 Kxb8 45. Rg6 Rf4+
46. Ke3 Rh4 47. Kd3 Rg4 48. Rg7 Rg1 49. Kc4 g4 50. Kb5 g3 51. b4 g2 52. a4 Kc8
53. a5 Kb8 54. Ka6 Rb1 55. Rxg2 Rxb4 56. Rg8+ Kc7 57. Kxa7 Rb7+ 58. Ka6 Rb8 59.
Rg7+ Kc8 60. Ka7 Rb5 61. a6 Rb1 62. Rb7 Ra1 63. Rb5 Rc1 64. Rb7 Rc6 65. Rb5 Rc1
66. Ka8 Rc6 67. Ka7 Kc7 68. Rh5 Kc8 69. Rg5 Kc7 70. Rg7+ Kc8 71. Rh7 Rc7+ 72.
Rxc7+ Kxc7 73. Ka8 Kb6 74. a7 Kc7 1/2-1/2

[Event "II. XXI. Rakosmente Open"]
[Site "Budapest"]
[Date "2022.08.21"]
[Round "4.7"]
[White "Bolyai, Istvan"]
[Black "Gondor, Jakab"]
[Result "1-0"]
[WhiteElo "1799"]
[BlackElo "1456"]
[PlyCount "69"]
[EventDate "2022.08.19"]

1. e4 e5 2. Nc3 Nc6 3. Bc4 Nf6 4. f4 d6 5. Nf3 Be7 6. O-O b6 7. Bb5 Bb7 8. d4
a6 9. fxe5 axb5 10. exf6 Bxf6 11. Nxb5 O-O 12. Re1 Re8 13. c3 Ra5 14. Na3 Kh8
15. Bf4 g5 16. Bg3 g4 17. Nd2 h5 18. Nac4 Rg5 19. e5 dxe5 20. Nxe5 Bxe5 21.
dxe5 Nxe5 22. Qc2 Ng6 23. Ne4 Rd5 24. Qf2 f5 25. c4 h4 26. cxd5 hxg3 27. Qxf5
gxh2+ 28. Kh1 Kg7 29. Ng5 Rxe1+ 30. Rxe1 Qxd5 31. Ne6+ Kh8 32. Qxg4 Kh7 33.
Qh3+ Kg8 34. Qg3 Qf5 35. Nf4 1-0

[Event "II. XXI. Rakosmente Open"]
[Site "Budapest"]
[Date "2022.08.21"]
[Round "4.8"]
[White "Patai, Tamas"]
[Black "Bagi, Lajos"]
[Result "0-1"]
[WhiteElo "1683"]
[BlackElo "1756"]
[PlyCount "144"]
[EventDate "2022.08.19"]

1. e4 e6 2. d4 d5 3. Nc3 Bb4 4. a3 Bxc3+ 5. bxc3 dxe4 6. Qg4 f5 7. Qxg7 Qf6 8.
Qxc7 Nc6 9. Bb5 Bd7 10. Bf4 Rc8 11. Qxb7 Qg6 12. Ne2 Nf6 13. Be5 Rg8 14. Nf4
Qf7 15. Bxc6 Rxc6 16. Rb1 Nd5 17. Qxa7 Rxc3 18. Rb8+ Bc8 19. Qa4+ Qd7 20. Qxd7+
Kxd7 21. Nxd5 exd5 22. Kd2 Rxa3 23. g3 Rf3 24. Ra1 Rxf2+ 25. Ke1 Rxc2 26. Ra7+
Kd8 27. Rxh7 Rf8 28. Rb5 Be6 29. Rb6 Rf7 30. Rh6 Bc8 31. Rh8+ Ke7 32. Bd6+ Kd7
33. Bc5 Kc7 34. Rhh6 Bb7 35. Rbd6 Rg7 36. Rhf6 Rxh2 37. Bb6+ Kb8 38. Rf8+ Bc8
39. Rc6 Kb7 40. Rfxc8 Rxg3 41. R8c7+ Ka8 42. Kf1 Rb3 43. Ra7+ Kb8 44. Bc7+ Kxa7
45. Bxh2 f4 46. Rf6 Rb1+ 47. Kf2 Rb2+ 48. Kg1 Rb1+ 49. Kg2 f3+ 50. Kg3 Rb2 51.
Rf5 Rg2+ 52. Kh4 Rg8 53. Be5 Kb6 54. Bf6 Kc6 55. Bg5 Ra8 56. Kg3 Ra2 57. Be3
Rg2+ 58. Kf4 Rg8 59. Rf6+ Kb5 60. Ke5 Kc4 61. Kf4 Kd3 62. Rf5 Rd8 63. Bg1 Ke2
64. Kg3 Rg8+ 65. Kh2 Kf1 66. Be3 Rg2+ 67. Kh1 Re2 68. Bg1 f2 69. Bh2 Re1 70.
Bg3 Ke2+ 71. Kg2 Rg1+ 72. Kh2 f1=Q 0-1

[Event "II. XXI. Rakosmente Open"]
[Site "Budapest"]
[Date "2022.08.21"]
[Round "4.9"]
[White "Sulcz, Istvan"]
[Black "Sass, Oscar"]
[Result "0-1"]
[WhiteElo "1762"]
[BlackElo "1432"]
[PlyCount "86"]
[EventDate "2022.08.19"]

1. e4 c5 2. Nf3 Nc6 3. d4 cxd4 4. Nxd4 g6 5. c4 Bg7 6. Be3 Nf6 7. Nc3 d6 8. Be2
Bd7 9. O-O O-O 10. Qd2 Nxd4 11. Bxd4 Bc6 12. f3 Nd7 13. Bxg7 Kxg7 14. Qd4+ Kg8
15. Rac1 a5 16. Rfd1 Qb8 17. Nd5 Bxd5 18. cxd5 Rc8 19. f4 Rxc1 20. Rxc1 Nc5 21.
e5 Qe8 22. f5 f6 23. e6 gxf5 24. b3 Kh8 25. Rf1 Qg6 26. Qf4 Rg8 27. g3 Ne4 28.
Kg2 Rc8 29. Rc1 Rc5 30. Rxc5 Nxc5 31. h4 Kg7 32. Kh3 h5 33. Kg2 Ne4 34. Bd3 Qg4
35. Qxg4+ hxg4 36. Kh2 Kg6 37. a4 Nc3 38. h5+ Kxh5 39. Bxf5 Nxd5 40. Be4 Nc7
41. Bxb7 Nxe6 42. Kg2 Nc5 43. Bd5 e6 0-1

[Event "II. XXI. Rakosmente Open"]
[Site "Budapest"]
[Date "2022.08.21"]
[Round "4.10"]
[White "Molnar, Daniel Zsolt"]
[Black "Salamon, Laszlo"]
[Result "0-1"]
[WhiteElo "1624"]
[BlackElo "1400"]
[PlyCount "128"]
[EventDate "2022.08.19"]

1. e4 c6 2. d4 d5 3. exd5 cxd5 4. Bd3 Nc6 5. c3 Qc7 6. h3 e6 7. Nf3 Bd6 8. O-O
Nge7 9. Re1 O-O 10. Ng5 h6 11. Qh5 Bf4 12. Na3 Bxc1 13. Raxc1 Qf4 14. Nf3 Bd7
15. Nc2 Rac8 16. Ne3 Be8 17. g3 f6 18. Qg4 Qxg4 19. Nxg4 h5 20. Ngh2 Bf7 21. g4
hxg4 22. hxg4 Rfe8 23. Kg2 Bg6 24. Bxg6 Nxg6 25. Kg3 e5 26. dxe5 fxe5 27. Rcd1
Rcd8 28. Nf1 e4 29. Nd4 Nge5 30. Re3 Nd3 31. Rd2 Nxd4 32. cxd4 Rc8 33. Kg2 Rf8
34. Ng3 g6 35. f3 exf3+ 36. Kh2 Nb4 37. a3 Rc2 38. Nf1 Rxd2+ 39. Nxd2 Nc2 40.
Rxf3 Rxf3 41. Nxf3 Ne3 42. Kg3 Kf7 43. Kf4 Nd1 44. b3 Kf6 45. g5+ Kf7 46. Ke5
Nc3 47. a4 Ke7 48. Nh4 Kf7 49. Nf3 Ke7 50. Nd2 a5 51. Nf3 b6 52. Nd2 Kd7 53.
Kf6 Ne4+ 54. Nxe4 dxe4 55. Kxg6 e3 56. Kh7 e2 57. g6 e1=Q 58. g7 Qh4+ 59. Kg8
Ke7 60. d5 Kf6 61. d6 Qh6 62. Kf8 Qxg7+ 63. Ke8 Ke6 64. b4 Qg8# 0-1

[Event "II. XXI. Rakosmente Open"]
[Site "Budapest"]
[Date "2022.08.21"]
[Round "4.11"]
[White "Nagy, Daniel"]
[Black "Bende, Eniko Tunde"]
[Result "0-1"]
[WhiteElo "1532"]
[BlackElo "1306"]
[PlyCount "98"]
[EventDate "2022.08.19"]

1. e4 c5 2. Nf3 Nc6 3. Bb5 g6 4. O-O Bg7 5. Re1 Nf6 6. Nc3 O-O 7. e5 Ng4 8.
Bxc6 bxc6 9. h3 Nh6 10. d3 d6 11. exd6 exd6 12. Be3 Be6 13. d4 Nf5 14. dxc5
Nxe3 15. Rxe3 dxc5 16. Qe2 Qb6 17. b3 Qb4 18. Qe1 Bd4 19. a3 Qa5 20. b4 Qb6 21.
Re4 Bf5 22. bxc5 Bxc5 23. Rb1 Qc7 24. Rc4 Qd6 25. Rd1 Qe7 26. Qxe7 Bxe7 27.
Rxc6 Bxa3 28. Nd4 Rfc8 29. Rxc8+ Rxc8 30. Ncb5 Bc5 31. Nxf5 gxf5 32. Kf1 a6 33.
Nd6 Rd8 34. Rd5 Bxd6 35. Ra5 Ra8 36. Ke2 Bb4 37. Rxf5 a5 38. Kd3 a4 39. Rb5 a3
40. Rxb4 a2 41. Ke4 a1=Q 42. Rb7 Re8+ 43. Kf5 Qe5+ 44. Kg4 Re6 45. f4 Qe2+ 46.
Kg3 Rg6+ 47. Kh4 Qf2+ 48. Kh5 Qxf4 49. Rb5 Rh6# 0-1

[Event "II. XXI. Rakosmente Open"]
[Site "Budapest"]
[Date "2022.08.21"]
[Round "5.2"]
[White "Palagyi, Csaba"]
[Black "Vasyliv, Stanislav"]
[Result "0-1"]
[WhiteElo "1875"]
[BlackElo "2144"]
[PlyCount "48"]
[EventDate "2022.08.19"]

1. e4 c5 2. d4 cxd4 3. c3 d5 4. exd5 Qxd5 5. cxd4 Nf6 6. Nc3 Qd8 7. Nf3 e6 8.
Bc4 Be7 9. Bf4 O-O 10. O-O Bd7 11. d5 exd5 12. Nxd5 Nxd5 13. Bxd5 Nc6 14. Ne5
Nxe5 15. Bxe5 Qb6 16. Qf3 Rae8 17. Bxb7 Bc5 18. Qg3 g6 19. Bf3 Re7 20. Bc3 Rfe8
21. Rad1 Bf5 22. Bg4 Re3 23. Qh4 R3e4 24. Qh6 Bf8 0-1

[Event "II. XXI. Rakosmente Open"]
[Site "Budapest"]
[Date "2022.08.21"]
[Round "5.3"]
[White "Varaljai, Istvan"]
[Black "Berla, Zoltan Mate"]
[Result "1-0"]
[WhiteElo "1967"]
[BlackElo "1389"]
[PlyCount "93"]
[EventDate "2022.08.19"]

1. e4 c5 2. Nf3 Nc6 3. d4 cxd4 4. Nxd4 Nf6 5. Nc3 e5 6. Ndb5 d6 7. Bg5 a6 8.
Na3 b5 9. Bxf6 gxf6 10. Nd5 Bg7 11. Bd3 Be6 12. O-O f5 13. c4 bxc4 14. Nxc4 O-O
15. Ncb6 Rb8 16. exf5 Bxd5 17. Nxd5 Qg5 18. Qc1 Qxc1 19. Rfxc1 Nb4 20. Nxb4
Rxb4 21. Rc6 e4 22. Bxa6 Rd8 23. Rd1 Rxb2 24. Bc4 Be5 25. g3 Rb7 26. Bd5 Ra7
27. Re1 Ra5 28. Bb3 d5 29. f4 Bd4+ 30. Kg2 e3 31. Kf3 Ba7 32. Ke2 Kg7 33. g4
Rd7 34. f6+ Kh6 35. h4 d4 36. Kd3 Rc5 37. Rxc5 Bxc5 38. f5 Bd6 39. Bd1 Bf4 40.
Rg1 Bg5 41. hxg5+ Kxg5 42. Rh1 Kxf6 43. Rxh7 Ra7 44. a4 Kg5 45. Rh8 Kf4 46. Re8
Kg3 47. Re4 1-0

[Event "II. XXI. Rakosmente Open"]
[Site "Budapest"]
[Date "2022.08.21"]
[Round "5.4"]
[White "Felmery, Mate"]
[Black "Bolyai, Istvan"]
[Result "1-0"]
[WhiteElo "2181"]
[BlackElo "1799"]
[PlyCount "167"]
[EventDate "2022.08.19"]

1. e4 e5 2. Nf3 Nc6 3. Bc4 Bc5 4. O-O Nf6 5. d3 h6 6. c3 O-O 7. b4 Bd6 8. Re1
Ne7 9. Nbd2 Ng6 10. Nf1 c6 11. d4 Bc7 12. Bb3 d5 13. exd5 e4 14. N3d2 cxd5 15.
Ne3 Nf4 16. Bc2 Qd6 17. Ndf1 N6h5 18. c4 dxc4 19. Bxe4 Qxb4 20. Rb1 Qa5 21. a4
Qa6 22. Rb5 Nf6 23. Nxc4 Rb8 24. Ne5 Ne6 25. d5 Rd8 26. Bf3 Nf8 27. Ba3 Ne8 28.
Be7 Nd6 29. Bxd8 Bxd8 30. Rb1 Bf5 31. Be2 Qa5 32. Nc6 bxc6 33. Rxb8 Bc7 34. Rb2
cxd5 35. Ng3 Be6 36. Bd3 Bb6 37. Rf1 Qc3 38. Rc2 Qf6 39. Rc6 Bd7 40. Rc1 Ne6
41. Ba6 d4 42. Qd2 Nc5 43. Bb5 Bxb5 44. axb5 Nb3 45. Qc2 Nxc1 46. Qxc1 Nxb5 47.
Qc4 Nd6 48. Qd5 a6 49. Qa8+ Bd8 50. Qxa6 Qe5 51. Qa8 Qe7 52. Rd1 Nb5 53. h3 Kh7
54. Qe4+ Qxe4 55. Nxe4 Kg6 56. Rb1 Nc3 57. Nxc3 dxc3 58. Rc1 Bf6 59. Kf1 Kf5
60. Ke2 Ke4 61. Ra1 Bd4 62. f3+ Kd5 63. Kd3 Be5 64. Ra5+ Ke6 65. f4 Bxf4 66.
Kxc3 f5 67. Kd3 Be5 68. Ke3 Kf6 69. Ra6+ Kg5 70. Kf3 Bf6 71. Ra5 Kg6 72. Kf4
Bg5+ 73. Ke5 f4 74. Ke4 Kh5 75. Ra6 Kh4 76. Rg6 Bf6 77. Kxf4 Kh5 78. Rg3 Bb2
79. Kf5 Ba1 80. Ra3 Bb2 81. Rb3 Bf6 82. g3 Ba1 83. Rb4 g5 84. Rh4+ 1-0

[Event "II. XXI. Rakosmente Open"]
[Site "Budapest"]
[Date "2022.08.21"]
[Round "5.6"]
[White "Horvath, Csaba"]
[Black "Neszmenyi, Zoltan"]
[Result "1/2-1/2"]
[WhiteElo "1784"]
[BlackElo "1862"]
[PlyCount "83"]
[EventDate "2022.08.19"]

1. e4 e5 2. Nf3 Nc6 3. Bb5 Nf6 4. O-O Nxe4 5. d4 Nd6 6. Bxc6 dxc6 7. dxe5 Nf5
8. Qxd8+ Kxd8 9. b3 Bc5 10. Bb2 Ke7 11. Nc3 Nd4 12. Nxd4 Bxd4 13. Rad1 Rd8 14.
Na4 Bxb2 15. Rxd8 Kxd8 16. Nxb2 Ke7 17. Nc4 a5 18. a3 Be6 19. Ne3 Rd8 20. Rd1
Rxd1+ 21. Nxd1 f6 22. exf6+ Kxf6 23. Kf1 Ke5 24. Ke2 Kd4 25. Kd2 b5 26. b4 axb4
27. axb4 Kc4 28. c3 Kd5 29. Ne3+ Kd6 30. f4 c5 31. Kd3 cxb4 32. cxb4 c5 33.
bxc5+ Kxc5 34. f5 Bf7 35. g4 b4 36. g5 b3 37. Kc3 Kd6 38. Ng4 Ke7 39. f6+ gxf6
40. Nxf6 h6 41. h4 hxg5 42. hxg5 1/2-1/2

[Event "II. XXI. Rakosmente Open"]
[Site "Budapest"]
[Date "2022.08.21"]
[Round "5.7"]
[White "Sass, Oscar"]
[Black "Bagi, Lajos"]
[Result "1-0"]
[WhiteElo "1432"]
[BlackElo "1756"]
[PlyCount "117"]
[EventDate "2022.08.19"]

1. e4 e6 2. d4 d5 3. exd5 exd5 4. Nf3 Bd6 5. Bd3 Ne7 6. O-O Nd7 7. c3 O-O 8.
Re1 c6 9. Nbd2 Re8 10. Nf1 Nf8 11. Ng3 Bd7 12. Ne5 f6 13. Nxd7 Qxd7 14. Bd2
Neg6 15. Qf3 Rxe1+ 16. Rxe1 Re8 17. Rxe8 Qxe8 18. Nf5 Bb8 19. h4 Ne7 20. h5
Nxf5 21. Qxf5 Qe6 22. Kf1 Kf7 23. g4 g6 24. hxg6+ hxg6 25. Qxe6+ Nxe6 26. b3
Bf4 27. Ke2 Bxd2 28. Kxd2 g5 29. Bf5 Nd8 30. Ke3 Ke7 31. c4 dxc4 32. bxc4 b6
33. d5 Kd6 34. Be4 b5 35. dxc6 b4 36. Kd4 Ne6+ 37. Ke3 a5 38. Bd5 a4 39. Kd2
Nc5 40. Kc2 Na6 41. Kd3 Nb8 42. c5+ Kc7 43. Kc4 b3 44. axb3 a3 45. Kc3 a2 46.
Kb2 a1=Q+ 47. Kxa1 Na6 48. Kb2 Nxc5 49. Kc3 Kd6 50. Kc4 Na6 51. b4 Nc7 52. Bg2
Ne6 53. b5 Kc7 54. Kb4 Kb6 55. Bf1 Nd4 56. Kc3 Nf3 57. Be2 Ne5 58. Kd4 Nf7 59.
Kd5 1-0

[Event "II. XXI. Rakosmente Open"]
[Site "Budapest"]
[Date "2022.08.21"]
[Round "5.8"]
[White "Salamon, Laszlo"]
[Black "Tolnai, Jozsef"]
[Result "1/2-1/2"]
[WhiteElo "1400"]
[BlackElo "1739"]
[PlyCount "55"]
[EventDate "2022.08.19"]

1. e4 c6 2. d4 d5 3. Nd2 dxe4 4. Nxe4 Bf5 5. Ng3 Bg6 6. h4 h6 7. h5 Bh7 8. Nf3
Nd7 9. Bd3 Bxd3 10. Qxd3 e6 11. Bd2 Ngf6 12. O-O-O Qc7 13. Ne4 Nxe4 14. Qxe4
Nf6 15. Qe2 Bd6 16. Ne5 O-O-O 17. f4 Rhe8 18. c4 c5 19. dxc5 Bxc5 20. Rh3 Bd4
21. Bc3 Bxc3 22. Rxc3 Rxd1+ 23. Qxd1 Rd8 24. Rd3 Rxd3 25. Qxd3 Nxh5 26. Qa3 b6
27. Qf3 f6 28. Qa8+ 1/2-1/2